| 000 | 00516nam a22001577a 4500 | ||
|---|---|---|---|
| 003 | OSt | ||
| 005 | 20151003091229.0 | ||
| 008 | 151003b xxu||||| |||| 00| 0 eng d | ||
| 040 | _cRUA | ||
| 082 | _aAVM ម៉ក់ 1992 B066 Or.1 | ||
| 100 |
_91835 _aម៉ក់ សិទ្ធិរិទ្ធ |
||
| 245 | _aជម្ងឺរលាកស្បូនរបស់មេគោនៅប្រទេសកម្ពូជា | ||
| 260 |
_aPhnom Penh _bRUA _c1992 |
||
| 300 |
_a82p. _bill. _c29cm. |
||
| 942 |
_2ddc _cAVM |
||
| 999 |
_c1732 _d1732 |
||